[Event "Valencia Real Provincial-ch"]
[Site "Ciudad Real"]
[Date "2010.05.16"]
[Round "6.6"]
[White "Garcia Del Moral Lopez, Joaquin"]
[Black "Gijon Fernandez, Domingo"]
[Result "0-1"]
[WhiteElo "1892"]
[BlackElo "2070"]
[PlyCount "219"]
[EventDate "2010.04.11"]
[EventType "swiss"]
[EventRounds "6"]
[EventCountry "ESP"]
[SourceTitle "EXT 2024"]
[Source "ChessBase"]
[SourceDate "2023.10.10"]
[SourceVersion "1"]
[SourceVersionDate "2023.10.10"]
[SourceQuality "1"]

1. d4 Nf6 2. c4 g6 3. Nc3 d5 4. e3 Bg7 5. Nf3 0-0 6. Bd3 c5 7. 0-0 Nc6 8. dxc5 dxc4 9. Bxc4 Qa5 10. Na4 Ne4 11. Qc2 Bf5 12. Nh4 Nb4 13. Qb3 Bd7 14. a3 Na6 15. Qxb7 Naxc5 16. Nxc5 Nxc5 17. Qb4 Qc7 18. Qd2 Rab8 19. Qe2 Na4 20. Ra2 Rfc8 21. b3 Nc3 22. Qd2 Nxa2 23. Qxa2 Bb5 24. Bxb5 Rxb5 25. a4 Rb4 26. g3 Rcb8 27. Nf3 Rxb3 28. Nd4 Bxd4 29. exd4 Qb7 30. Bf4 Rb2 31. Qa3 Qb4 32. Qe3 Rd8 33. d5 Rxd5 34. Qxa7 Qb7 35. Qxb7 Rxb7 36. Ra1 Ra7 37. Bb8 Rb7 38. Bf4 Ra7 39. Bb8 Ra8 40. Bc7 Rc5 41. Bb6 Rc6 42. Be3 Rca6 43. Bc5 e6 44. Be3 Rxa4 45. Rd1 Ra1 46. Rxa1 Rxa1+ 47. Kg2 Ra4 48. h3 h5 49. h4 Kg7 50. Bb6 Kf6 51. Bd8+ Kf5 52. Be7 Ke4 53. Bf6 Kf5 54. Be7 f6 55. Bd8 e5 56. Be7 Rc4 57. Bd8 Ke6 58. Bb6 Rb4 59. Bc5 Rb3 60. Ba7 f5 61. Bc5 f4 62. gxf4 exf4 63. Ba7 Kf5 64. f3 Rb2+ 65. Kh3 Ra2 66. Bd4 Ke6 67. Bb6 Kd5 68. Bc7 Ra4 69. Bb6 Kc4 70. Kg2 Kd3 71. Kf2 Ra2+ 72. Ke1 Rh2 73. Kf1 Rh1+ 74. Kf2 Rb1 75. Bc5 Rb2+ 76. Kf1 Rc2 77. Bb6 Rc6 78. Ba7 Rc8 79. Kf2 Rg8 80. Bb6 Rb8 81. Bc5 Rb2+ 82. Ke1 Re2+ 83. Kf1 Re3 84. Kf2 Re6 85. Kf1 Kc4 86. Ba7 Kd5 87. Bb8 Rf6 88. Ba7 Ke6 89. Bb6 Kf5 90. Bd8 Ra6 91. Be7 Ra2 92. Bd8 Ke5 93. Bc7+ Kf5 94. Bd8 Ra8 95. Be7 Rg8 96. Bg5 Re8 97. Kf2 Rf8 98. Kf1 Ke6 99. Kf2 Rf5 100. Bd8 Kf7 101. Bc7 g5 102. hxg5 Kg6 103. Bd8 Rxg5 104. Bxg5 Kxg5 105. Kg2 Kf5 106. Kh3 Ke5 107. Kh4 Kd4 108. Kxh5 Kd3 109. Kg5 Ke3 110. Kg4 0-1

[Event "Valencia Real Provincial-ch"]
[Site "Ciudad Real"]
[Date "2010.05.16"]
[Round "5.4"]
[White "Garcia Del Moral Lopez, Joaquin"]
[Black "Ramirez Diaz, Jose Ramon"]
[Result "0-1"]
[WhiteElo "1892"]
[BlackElo "2161"]
[PlyCount "148"]
[EventDate "2010.04.11"]
[EventType "swiss"]
[EventRounds "6"]
[EventCountry "ESP"]
[SourceTitle "EXT 2024"]
[Source "ChessBase"]
[SourceDate "2023.10.10"]
[SourceVersion "1"]
[SourceVersionDate "2023.10.10"]
[SourceQuality "1"]

1. d4 Nf6 2. c4 g6 3. Nf3 Bg7 4. Nc3 d5 5. e3 0-0 6. Bd3 dxc4 7. Bxc4 Nbd7 8. 0-0 c5 9. Qe2 cxd4 10. exd4 Nb6 11. Bb3 Nfd5 12. Ne5 Be6 13. Ne4 Nc7 14. Rd1 Bxb3 15. axb3 Ne6 16. Be3 Qd5 17. Nc3 Qxb3 18. Ra3 Qb4 19. Qb5 Qxb5 20. Nxb5 Rfd8 21. Rad3 Nd5 22. Nf3 a6 23. Nc3 Rac8 24. g3 Rc4 25. Nxd5 Rxd5 26. b3 Rc2 27. Ne1 Rc8 28. Kf1 Kf8 29. Ke2 Ke8 30. R1d2 Kd7 31. h4 Nd8 32. Nc2 Nc6 33. Kd1 e6 34. f3 Bf6 35. Bf2 h5 36. Ne3 Rxd4 37. Rxd4+ Bxd4 38. Nc4 e5 39. Bxd4 Nxd4 40. Nb6+ Kc7 41. Nxc8 Kxc8 42. Rd3 Nf5 43. g4 hxg4 44. fxg4 Nxh4 45. Rh3 Ng2 46. Rf3 f5 47. gxf5 gxf5 48. Rg3 Nf4 49. Rg5 Nd5 50. Kd2 Ne7 51. Rh5 Kd7 52. Rh7 a5 53. Rh8 Nc6 54. Rh7+ Ne7 55. Rh8 b5 56. Rb8 Kc6 57. Ra8 Kb6 58. Rf8 f4 59. Re8 Nc6 60. Kc3 Kc5 61. Rc8 Kd5 62. Rf8 b4+ 63. Kd2 Nd4 64. Rd8+ Ke4 65. Ra8 f3 66. Ke1 Nxb3 67. Kf2 Nc5 68. Rxa5 Nd3+ 69. Kf1 b3 70. Rb5 b2 71. Rb8 Ke3 72. Rb7 Kd2 73. Rb8 e4 74. Kg1 e3 0-1